Quiz da Polónia - Statistics

Estatísticas Gerais
  • Esse quiz foi jogado 1 867 vezes
  • A pontuação média é 6 de 18
Estatísticas das Respostas
Dica Resposta % Correto
Capital Varsóvia
97%
Segunda maior cidade / antiga capital Cracóvia
56%
Pesquisadora de radiação que foi a primeira mulher a ganhar um Prémio Nobel Marie Curie
54%
Nome polonês da Polónia Polska
51%
O único papa polonês João Paulo II
49%
Criador do modelo heliocêntrico do sistema solar Nicolau Copérnico
48%
Mar no norte da Polónia Mar Báltico
45%
Antiga cidade livre e a maior cidade na Pomerânia Danzigue
24%
Moeda oficial Złoty
23%
Pianista e compositor de "Valsa Minuto" Frédéric Chopin
21%
Cineasta de "O Pianista" Roman Polanski
17%
Sindicato que resistiu aos soviéticos Solidariedade
16%
Rio mais longo Vístula
15%
Líder do acima e Presidente da Polónia entre 1990 e 1995 Lech Wałęsa
13%
Rio na fronteira Alemanha-Polónia Oder
13%
Cidade principal da Silésia Katowice
12%
O último rei da Polónia Estanislau II Augusto
8%
Bovino selvagem extinto em 1627 Auroque
7%
Nenhum quiz correspondente encontrado
Distribuição das Pontuações
Porcentagem de Pessoas com Cada Pontuação
Percentil de Números Respondidos
Sua Pontuação Histórica
Você não jogou esse quiz